[Event "TCh-ISL 2004-5"]
[Site "Reykjavik ISL"]
[Date "2005.03.04"]
[Round "5"]
[White "Kristjansson,St"]
[Black "Vidarsson,J"]
[Result "1-0"]
[WhiteElo "2438"]
[BlackElo "2336"]

1.e4 c5 2.Nf3 e6 3.d4 cxd4 4.Nxd4 a6 5.Nc3 b5 6.Bd3 Bb7 7.O-O b4 8.Na4 Nf6
9.Qe2 Qa5 10.b3 d5 11.e5 Ne4 12.a3 bxa3 13.f3 Nc5 14.Bxa3 Nxd3 15.Bxf8 Nf4
16.Qe3 Nxg2 17.Kxg2 Rxf8 18.f4 g6 19.b4 Qc7 20.Ra3 Nd7 21.Rc3 Qd8 22.Nc5 Qb6
23.Ra1 Rc8 24.Nxb7 Qxb7 25.b5 axb5 26.Ra7 Qb8 27.Nc6 b4 28.Nxb8 Rxc3 29.Qxc3  1-0

[Event "Sozina Open"]
[Site "Bar SCG"]
[Date "2005.03.05"]
[Round "2"]
[White "Larsson,V"]
[Black "Kontic,D"]
[Result "1/2-1/2"]
[WhiteElo "2143"]
[BlackElo "2347"]

1.e4 c5 2.Nf3 e6 3.d4 cxd4 4.Nxd4 a6 5.Nc3 Qc7 6.Bd3 b5 7.O-O Bb7 8.Kh1 Nf6
9.Qe2 b4 10.Na4 Nc6 11.Be3 h5 12.f4 Ng4 13.Bg1 g5 14.Nxc6 Bxc6 15.Nb6 gxf4
16.Nxa8 Bxa8 17.c3 bxc3 18.Rac1 Bg7 19.bxc3 Rg8 20.Bxa6 Be5 21.Rf3 Ne3 22.Bxe3 fxe3
23.Qxe3 Rg4 24.Bd3 Bf4 25.Rxf4 Rxf4 26.Qd4 Rh4 27.h3 Qg3 28.Qh8+ Ke7 29.Qxa8 Rxh3+  1/2-1/2

[Event "Acropolis Women's GM Open"]
[Site "Athens GRE"]
[Date "2005.03.06"]
[Round "1"]
[White "Stefanidi,M2"]
[Black "Burtasova,A"]
[Result "0-1"]
[WhiteElo "1755"]
[BlackElo "2232"]

1.e4 c5 2.Nf3 e6 3.d4 cxd4 4.Nxd4 a6 5.Nc3 b5 6.Bd3 d6 7.O-O Nf6 8.Bd2 Bb7
9.a3 Nbd7 10.b4 Be7 11.h4 O-O 12.h5 h6 13.Re1 Ne5 14.f4 Nxd3 15.cxd3 Rc8
16.Rc1 Nd7 17.Qg4 Bf6 18.Nf3 a5 19.d4 axb4 20.axb4 Nb6 21.Be3 Rxc3 22.Rxc3 Bxe4
23.Nd2 Bf5 24.Qf3 Nd5 25.Rb3 Qb6 26.g4 Bc2 27.Rb2 Nxe3 28.Rxe3 Bxd4 29.Kf2 Bxb2  0-1

[Event "ch-RUS u20"]
[Site "Nojabrsk RUS"]
[Date "2005.03.07"]
[Round "6"]
[White "Nepomniachtchi,I"]
[Black "Popov,I RUS"]
[Result "1-0"]
[WhiteElo "2483"]
[BlackElo "2476"]

1.e4 c5 2.Nf3 e6 3.Nc3 a6 4.d4 cxd4 5.Nxd4 Qc7 6.g3 Nc6 7.Bg2 Nf6 8.O-O Bc5
9.Bf4 e5 10.Nb3 exf4 11.Nxc5 fxg3 12.fxg3 d6 13.Nd3 Ne5 14.Rxf6 gxf6 15.Nd5 Qd8
16.Qf1 O-O 17.Qf4 f5 18.exf5 f6 19.Qe4 Nxd3 20.cxd3 Bd7 21.Qd4 Bc6 22.Re1 Bxd5
23.Bxd5+ Kh8 24.Re6 Qc7 25.Kg2 Qc5 26.Qe4 Qc1 27.Re7 Qd2+ 28.Kh3 Qh6+ 29.Qh4 Qxh4+
30.Kxh4 Rfe8 31.Rf7 Rf8 32.Rxb7 Rfb8 33.Re7 Re8 34.Re6 Rxe6 35.fxe6 Rc8 36.b4 Kg7
37.Bc4 Kf8 38.Kg4 Rb8 39.a3 Ra8 40.Kf5 Ke7 41.Ke4 Rb8 42.Kd5 Rb6 43.g4 Kd8
44.h3 Ke7 45.Ke4 Rc6 46.Kd5 Rb6 47.Kd4 Rc6 48.Ke4 Rb6 49.d4 Rc6 50.Kd5 Rb6
51.Bd3 h6 52.Bc4 Kd8 53.Ke4 Rc6 54.Kd3 Rb6 55.d5 Ke8 56.Kc3 Ke7 57.a4  1-0

[Event "Acropolis Women's GM Open"]
[Site "Athens GRE"]
[Date "2005.03.08"]
[Round "3"]
[White "Dembo,Y"]
[Black "Burtasova,A"]
[Result "1-0"]
[WhiteElo "2395"]
[BlackElo "2232"]

1.e4 c5 2.Nf3 e6 3.d4 cxd4 4.Nxd4 a6 5.Nc3 b5 6.Bd3 d6 7.O-O Nf6 8.Qe2 Bb7
9.a4 b4 10.Na2 d5 11.e5 Ne4 12.Be3 Nd7 13.f3 Nec5 14.f4 Nxd3 15.cxd3 Bc5
16.Nc1 O-O 17.Ncb3 Rc8 18.Nxc5 Nxc5 19.f5 exf5 20.Nxf5 Rc6 21.Bxc5 Rxc5 22.Qg4 g6
23.e6 fxe6 24.Nh6+ Kg7 25.Qd4+  1-0

[Event "Sozina Open"]
[Site "Bar SCG"]
[Date "2005.03.09"]
[Round "6"]
[White "Ivanovic,B"]
[Black "Predojevic,B"]
[Result "1/2-1/2"]
[WhiteElo "2428"]
[BlackElo "2546"]

1.e4 c5 2.Nf3 e6 3.d4 cxd4 4.Nxd4 a6 5.Nc3 Qc7 6.Be2 Nc6 7.O-O Nf6 8.Kh1 Be7
9.f4 d6 10.Be3 O-O 11.Qe1 Nxd4 12.Bxd4 b5 13.a3 Bb7 14.Bd3 Nd7 15.a4 b4 16.Ne2 a5
17.Qg3 Bf6 18.Rad1 Rad8 19.b3 e5 20.fxe5 Bxe5 21.Qh4 Nc5 22.Bc4 Rde8 23.Ng3 Kh8
24.Rf5 f6 25.Bxc5 dxc5 26.Rd3 g6  1/2-1/2

[Event "Mediterranean Flower WGM"]
[Site "Rijeka CRO"]
[Date "2005.03.10"]
[Round "7"]
[White "Ionica,I"]
[Black "Pahor,A"]
[Result "1-0"]
[WhiteElo "2240"]
[BlackElo "2067"]

1.e4 c5 2.Nf3 e6 3.d4 cxd4 4.Nxd4 a6 5.Nc3 Qc7 6.g3 b5 7.Bg2 Bb7 8.O-O Nf6
9.a3 Nc6 10.Nb3 Be7 11.f4 d6 12.Qe2 O-O 13.g4 Nd7 14.Be3 Rfe8 15.g5 Bf8 16.Rad1 Rac8
17.Rf3 g6 18.Rh3 f6 19.f5 Nce5 20.fxe6 Rxe6 21.Nd4 Re7 22.Rf1 Rf7 23.gxf6 Nxf6
24.Ne6 Qe7 25.Ng5 Rg7 26.Nd5 Nxd5 27.exd5 Nc4 28.Ne6 Rf7 29.Bg5 Qd7 30.Rxf7 Qxf7
31.Rf3 Qd7 32.Rxf8+ Rxf8 33.Nxf8 Kxf8 34.Bh6+ Kf7 35.Qe6+ Qxe6 36.dxe6+ Kxe6
37.Bxb7 Nxb2 38.Bxa6 Nc4 39.Bc1  1-0

[Event "Acropolis Women's GM Open"]
[Site "Athens GRE"]
[Date "2005.03.12"]
[Round "7"]
[White "Iordanidou,Z"]
[Black "Ikonomopoulou,M"]
[Result "0-1"]
[WhiteElo "2022"]
[BlackElo "2036"]

1.e4 c5 2.Nf3 e6 3.d4 cxd4 4.Nxd4 a6 5.Nc3 b5 6.Bd3 Qb6 7.Nf3 Nc6 8.O-O Qb8
9.e5 Nge7 10.Be4 Bb7 11.Re1 Ng6 12.h4 d6 13.exd6 Bxd6 14.h5 Nge5 15.Nxe5 Bxe5
16.Qf3 Qc7 17.Bg5 h6 18.Bh4 O-O 19.a3 Rae8 20.Qd3 f5 21.Bf3 Bh2+ 22.Kh1 Ne5
23.Qe3 Nxf3 24.gxf3 Bf4 25.Qe2 Qf7 26.Bg3 Qxh5+ 27.Kg2 e5 28.Rad1 Bxg3 29.fxg3 f4
30.Rh1 Qg5 31.Rh3 e4 32.Nxe4 Bxe4 33.Qxe4 Rxe4 34.fxe4 f3+ 35.Kf2 Qc5+  0-1

[Event "FSGM March"]
[Site "Budapest HUN"]
[Date "2005.03.14"]
[Round "10"]
[White "Papp,Ga"]
[Black "Fogarasi,T"]
[Result "1/2-1/2"]
[WhiteElo "2477"]
[BlackElo "2442"]

1.e4 c5 2.Nf3 e6 3.d4 cxd4 4.Nxd4 a6 5.Nc3 Qc7 6.Be3 Nf6 7.f3 Bb4 8.Bd2 Nc6
9.Nb3 Bd6 10.g3 h5 11.f4 e5 12.f5 b5 13.Bg2  1/2-1/2

[Event "II Copa ENTEL"]
[Site "Santiago CHI"]
[Date "2005.03.15"]
[Round "2"]
[White "Felgaer,R"]
[Black "Hellsten,J"]
[Result "1-0"]
[WhiteElo "2588"]
[BlackElo "2554"]

1.e4 c5 2.Nf3 e6 3.d4 cxd4 4.Nxd4 a6 5.Nc3 b5 6.Bd3 Qb6 7.Nf3 Nc6 8.O-O d6
9.a4 b4 10.a5 Nxa5 11.Na4 Qc7 12.Be3 Rb8 13.Nb6 Rxb6 14.Rxa5 Rb8 15.Qa1 Ne7
16.Bxa6 Nc6 17.Bb5 Bd7 18.Bxc6 Bxc6 19.Ra7 Rb7 20.Ra8+ Rb8 21.Ra7 Rb7 22.Ra8+ Rb8
23.Rxb8+ Qxb8 24.Nd4 Bd7 25.Qa6 Be7 26.Nc6 Qc8 27.Qxc8+ Bxc8 28.Ra1 Bf6 29.Ra7 O-O
30.b3 e5 31.Nxb4 Be6 32.Nd5 h5 33.Bb6 Bg5 34.Bc7 f5 35.Bxd6 Rd8 36.Bxe5 Bxd5
37.exd5 Rxd5 38.f4 Bd8 39.Kf1  1-0

[Event "ch-Privolzhsky Region"]
[Site "Ishevsk RUS"]
[Date "2005.03.16"]
[Round "1"]
[White "Rodchenkov,V"]
[Black "Kalegin,E"]
[Result "1/2-1/2"]
[WhiteElo "2196"]
[BlackElo "2468"]

1.e4 c5 2.Nf3 e6 3.Nc3 a6 4.d4 cxd4 5.Nxd4 b5 6.g3 Bb7 7.Bg2 Nf6 8.Qd3 d6
9.O-O Nbd7 10.Re1 Be7 11.Qd1 Qc7 12.a3 O-O 13.g4 Nb6 14.g5 Nfd7 15.f4 Rfe8
16.f5 exf5 17.Nxf5 Bf8 18.Bf4 Ne5 19.Nd5 Nxd5 20.exd5 Ng6 21.Rxe8 Rxe8 22.Bg3 Ne5
23.Qd2 Bc8 24.Nd4 g6 25.Nc6 Nc4 26.Qb4 Re2 27.Re1 Qb6+ 28.Kh1 Rxg2 29.Kxg2 Ne3+
30.Rxe3 Qxe3 31.Qf4 Qe2+ 32.Bf2 Qxc2 33.Qf6 Qe4+ 34.Qf3 Bf5 35.Kg3 Bg7 36.b3 Qxf3+
37.Kxf3 Bc2 38.Bg3 Bxb3 39.Ne7+ Kf8 40.Bxd6 Ke8 41.Bc5 Be5 42.Ke4 Bxh2 43.Ng8 Bc2+
44.Kf3 Be5 45.Nf6+ Bxf6 46.gxf6 a5 47.Kf4 h5 48.Be3 b4 49.axb4 axb4 50.Bc1 Kd7
51.Ke5 h4 52.Kd4 Bb3 53.Ke4 h3 54.Bf4 Bxd5+ 55.Kd4 Ke6 56.Kc5 Kf5 57.Bb8 Ke4  1/2-1/2

[Event "ch-Privolzhsky Region"]
[Site "Ishevsk RUS"]
[Date "2005.03.17"]
[Round "2"]
[White "Gubajdullin,A"]
[Black "Kuporosov,V"]
[Result "1/2-1/2"]
[WhiteElo "2342"]
[BlackElo "2472"]

1.e4 c5 2.Nf3 e6 3.d4 cxd4 4.Nxd4 a6 5.Nc3 Qc7 6.Be2 Nf6 7.O-O Nc6 8.Be3 Bb4
9.Na4 Be7 10.c4 d6 11.Nc3 O-O 12.Rc1 Nxd4 13.Qxd4 Nd7 14.Rfd1 Rd8 15.Bf4 Nf8
16.e5 dxe5 17.Bxe5 Rxd4 18.Bxc7 Rxd1+ 19.Rxd1 Bd7 20.Bf3 Rc8 21.Bd6 Bxd6
22.Rxd6 Rxc4 23.Rb6 Bc6 24.Bxc6 Rxc6 25.Rxb7 g5 26.Kf1 Ng6 27.g3 Ne5 28.Ke2 Kg7
29.h3 Kg6 30.a4 h6 31.f4 gxf4 32.gxf4 Nc4 33.Kd3 Nd6 34.Rd7 Kf5 35.Ne2 e5
36.fxe5 Kxe5 37.b4 f5 38.Nd4 Rc1 39.Nf3+ Kd5 40.Ra7 Rb1 41.Nd2 Rxb4 42.Rxa6 Rh4
43.Ra8 Kc6 44.Ra6+  1/2-1/2

[Event "II Copa ENTEL"]
[Site "Santiago CHI"]
[Date "2005.03.17"]
[Round "5"]
[White "Lopez Silva,H"]
[Black "Hellsten,J"]
[Result "0-1"]
[WhiteElo "2386"]
[BlackElo "2554"]

1.e4 c5 2.Nf3 e6 3.d4 cxd4 4.Nxd4 a6 5.Nc3 b5 6.g3 Bb7 7.Bg2 Ne7 8.O-O Nec6
9.e5 Qc7 10.Re1 Nxd4 11.Bxb7 Qxb7 12.Qxd4 Nc6 13.Qf4 Be7 14.Be3 O-O 15.Ne4 f6
16.exf6 Bxf6 17.Nxf6+ Rxf6 18.Qd6 Rf5 19.Bf4 Rd5 20.Qa3 Nd4 21.Qd3 Rf8 22.Re4 e5
23.c4 bxc4 24.Qxc4 Rc8 25.Qa4 Rd6  0-1

[Event "II Copa ENTEL"]
[Site "Santiago CHI"]
[Date "2005.03.17"]
[Round "6"]
[White "Rojas,L"]
[Black "Michel,C"]
[Result "1-0"]
[WhiteElo "2379"]
[BlackElo "2201"]

1.e4 c5 2.Nf3 e6 3.Nc3 a6 4.d4 cxd4 5.Nxd4 Qc7 6.Bd3 Nf6 7.O-O b5 8.Qf3 Bb7
9.Bf4 Qb6 10.Be3 Bc5 11.Nce2 Nc6 12.Nxc6 Bxe3 13.Na5 Bc5 14.Nxb7 Qxb7 15.Qg3 d6
16.Qxg7 Ke7 17.Qg3 Nxe4 18.Qh4+ Nf6 19.Ng3 Rag8 20.Be4 Qb6 21.Rae1 Bd4 22.c3 Rg4
23.Qh3 Be5 24.Bf3 Rg5 25.Kh1 d5 26.Qh4 Rhg8 27.Bd1 Bxg3 28.hxg3 Qd6 29.Re3 Qc5
30.Rfe1 Kd7 31.Kg1 h5 32.Rf3 Ke7 33.Qf4 R8g6 34.Bc2 Rg4 35.Qb8 Nd7 36.Qb7 Rg7
37.Qxa6 Rxg3 38.Rxg3 Rxg3 39.a4 b4 40.cxb4 Qxb4 41.Qe2 Rg5 42.Qd1 Qxb2 43.Qd2 Rg4
44.Rb1 Qa2 45.a5 Rc4 46.Qg5+ Kd6 47.Qg3+ Kc6 48.Bd3 Rc5 49.a6 e5 50.Rb7 Rc1+
51.Kh2 Qa1 52.Bb5+ Kc5 53.Qe3+ d4 54.Rc7+ Kxb5 55.Rxc1 Qa4 56.Qd3+ Kb6 57.Rb1+ Kc6
58.Qe4+ Kd6 59.Qb7 d3 60.Qb4+ Qxb4 61.Rxb4 d2 62.Rb1 Kc7 63.Rd1 Nc5 64.a7 Kb7
65.Rxd2 Kxa7 66.Rd5  1-0

[Event "ch-Privolzhsky Region"]
[Site "Ishevsk RUS"]
[Date "2005.03.18"]
[Round "3"]
[White "Bezgodov,A"]
[Black "Ozolin,M"]
[Result "1-0"]
[WhiteElo "2558"]
[BlackElo "2411"]

1.e4 c5 2.Nf3 e6 3.d4 cxd4 4.Nxd4 a6 5.Nc3 Qc7 6.Bd3 Nf6 7.O-O b5 8.Re1 d6
9.a4 b4 10.Na2 e5 11.Nf5 Bxf5 12.exf5 Nc6 13.Bg5 Be7 14.Bxf6 Bxf6 15.Be4 Rb8
16.Qd3 Ne7 17.Rad1 O-O 18.Qxd6 Qa5 19.Nc1 Qxa4 20.Nb3 Qb5 21.Bd3 Qb6 22.Qxb6 Rxb6
23.Nc5 Rd8 24.Be4 Rxd1 25.Rxd1 Nc8 26.Ra1 Nd6 27.Nd7 Nxe4 28.Nxb6 b3 29.cxb3 Nc5
30.b4 Nd3 31.b5  1-0

[Event "ch-Privolzhsky Region"]
[Site "Ishevsk RUS"]
[Date "2005.03.19"]
[Round "4"]
[White "Geller,J"]
[Black "Rodchenkov,S"]
[Result "1-0"]
[WhiteElo "2483"]
[BlackElo "2355"]

1.e4 c5 2.Nf3 e6 3.d4 cxd4 4.Nxd4 a6 5.Nc3 Qc7 6.Be2 Nf6 7.O-O Nc6 8.Be3 Be7
9.f4 d6 10.a4 O-O 11.Kh1 Re8 12.Bd3 Nxd4 13.Bxd4 e5 14.Bg1 exf4 15.Rxf4 Be6
16.Nd5 Bxd5 17.exd5 Rf8 18.Bd4 Ne8 19.Qh5 g6 20.Qh6 Qd8 21.Raf1  1-0

[Event "Norwegian Open"]
[Site "Oslo NOR"]
[Date "2005.03.20"]
[Round "2"]
[White "Solberg,J"]
[Black "Trygstad,K"]
[Result "1-0"]
[WhiteElo "2162"]
[BlackElo "2307"]

1.e4 c5 2.Nf3 e6 3.d4 cxd4 4.Nxd4 a6 5.Nc3 Qc7 6.Be2 Nf6 7.O-O Nc6 8.Kh1 Nxd4
9.Qxd4 Bc5 10.Qd3 b5 11.Bg5 Bb7 12.Rad1 Bc6 13.f4 b4 14.e5 Nd5 15.Nxd5 Bxd5
16.Bf3 Bxf3 17.Rxf3 Be7 18.Bxe7 Kxe7 19.f5 Ra7 20.fxe6 fxe6 21.Qd4 Kd8 22.Rdf1 Re8
23.Rf8  1-0

[Event "XXVIII Open"]
[Site "San Sebastian ESP"]
[Date "2005.03.21"]
[Round "4"]
[White "Alonso,S"]
[Black "Manso Marquez,F"]
[Result "1-0"]
[WhiteElo "2459"]
[BlackElo "2091"]

1.e4 c5 2.Nf3 e6 3.d4 cxd4 4.Nxd4 a6 5.Nc3 Qc7 6.Bd3 Nc6 7.Be3 Nf6 8.O-O b5
9.Nxc6 Qxc6 10.f3 Bc5 11.Qd2 d6 12.Kh1 Bxe3 13.Qxe3 O-O 14.a4 b4 15.Na2 Rb8
16.Nc1 e5 17.Nb3 Be6 18.Qe2 Bxb3 19.cxb3 a5 20.Bb5 Qb6 21.Rad1 Rfd8 22.Rd2 Rbc8
23.Rfd1 h6 24.g3 Rc5 25.Rd3 Qc7 26.Bc4 Qe7 27.Qe3 Qc7 28.Kg2 Qc6 29.Qd2 Ne8
30.h4 Kf8 31.g4 d5 32.Bxd5 Qc7 33.Bc4 Rxd3 34.Qxd3 Ke7 35.Qe3 Nf6 36.Rd2 Rc6
37.Kf1 Qb6 38.Qxb6 Rxb6 39.g5 hxg5 40.hxg5 Nh7 41.Rd5 Nxg5 42.Rxe5+ Ne6 43.Bxe6 fxe6
44.Rxa5 Kd6 45.Ke2  1-0

[Event "II Copa ENTEL"]
[Site "Santiago CHI"]
[Date "2005.03.21"]
[Round "12"]
[White "Lopez Silva,H"]
[Black "Michel Yunis,C"]
[Result "1-0"]
[WhiteElo "2386"]
[BlackElo "2341"]

1.e4 c5 2.Nf3 e6 3.d4 cxd4 4.Nxd4 a6 5.Nc3 Qc7 6.g3 Nf6 7.Bg2 d6 8.O-O Nc6
9.Re1 Bd7 10.Nxc6 bxc6 11.Na4 Rb8 12.c4 c5 13.Nc3 Be7 14.b3 O-O 15.Bf4 Rfd8
16.Qd2 Bc6 17.Rad1 Ng4 18.Bg5 Be8 19.Bxe7 Qxe7 20.f4 Rbc8 21.h3 Nf6 22.Re3 Rd7
23.Rd3 Rcd8 24.Na4 e5 25.Bf3 h6 26.Kg2 Kf8 27.Nb6 Rb7 28.Nd5 Nxd5 29.Rxd5 exf4
30.Qxf4 g5 31.Qd2 Bc6 32.Rxd6 Rbd7 33.Qc3 Qxd6 34.Rxd6 Rxd6 35.Qh8+ Ke7 36.Qe5+ Re6
37.Qxc5+ Ke8 38.h4 Rd2+ 39.Kh3 gxh4 40.gxh4 Rd3 41.Kg2 Rd2+ 42.Kg3 Rg6+ 43.Kf4 Rd3
44.Bg4 Rgd6 45.Qe5+ Kf8 46.Qh8+ Ke7 47.Qe5+ Kf8 48.c5 R6d4 49.Qh8+ Ke7 50.Bf5 Rd8
51.Qe5+ Kf8 52.Qh8+ Ke7 53.Qxh6 Bd7 54.Bxd7 R3xd7 55.Qxa6 Rc7 56.b4 Rd4 57.Ke5 Rdd7
58.Qf6+ Ke8 59.Qh8+ Ke7 60.h5 Rc6 61.h6 Rd8 62.Qh7 Re6+ 63.Kf4 Rg6 64.b5 Ra8
65.b6 Rxa2 66.b7 Rf6+ 67.Qf5 Rf2+ 68.Ke3  1-0

[Event "Norwegian Open"]
[Site "Oslo NOR"]
[Date "2005.03.22"]
[Round "4"]
[White "Kvisla,J"]
[Black "Trygstad,K"]
[Result "1/2-1/2"]
[WhiteElo "2003"]
[BlackElo "2307"]

1.e4 c5 2.Nf3 e6 3.d4 cxd4 4.Nxd4 a6 5.Nc3 Qc7 6.Bd3 Nf6 7.O-O Nc6 8.Nxc6 dxc6
9.Be3 e5 10.h3 b5 11.Qe2 Bd6 12.Rad1 O-O 13.Nb1 Bb7 14.c4 Qe7 15.Rc1 Nd7
16.Nd2 Bc5 17.Nb3 Bxe3 18.Qxe3 Rfd8 19.Na5 Nf8 20.Rfd1 Ne6 21.Qb6 Rab8 22.cxb5 axb5
23.Nxc6 Bxc6 24.Qxc6 Rd6 25.Qc3 Rbd8 26.Qxe5 Rxd3 27.Rxd3 Rxd3 28.Rc8+ Rd8
29.Rxd8+ Qxd8 30.Qxb5 g6 31.a4 Qd1+ 32.Kh2 Qd6+ 33.Kg1 Nf4 34.a5 Qd1+ 35.Kh2 Ne2
36.Qe8+ Kg7 37.Qe5+ Kh6 38.h4 Qg1+ 39.Kh3 Qxf2 40.Qg5+ Kg7 41.Qe5+ Kh6 42.Qg5+ Kg7
43.Qe5+ Kf8 44.Qd6+ Ke8 45.Qe5+ Kd7 46.Qd5+ Kc7 47.Qc4+ Kd7 48.Qd5+ Kc7 49.Qc4+ Kd7
50.Qd5+  1/2-1/2

[Event "ch-EU"]
[Site "Cork IRL"]
[Date "2005.03.23"]
[Round "2"]
[White "Ryan,Jo"]
[Black "Solleveld,Maa"]
[Result "1/2-1/2"]
[WhiteElo "2328"]
[BlackElo "2468"]

1.e4 c5 2.Nf3 e6 3.Nc3 a6 4.d4 cxd4 5.Nxd4 b5 6.Bd3 Qb6 7.Nf3 Nc6 8.O-O Qb8
9.e5 Nge7 10.Be4 Ng6 11.Re1 Bb7 12.h4 d6 13.exd6 Bxd6 14.Ng5 Nge7 15.Qh5 g6
16.Qh6 Bh2+ 17.Kh1 Be5 18.Nf3 Bf6 19.Be3 Ng8 20.Qf4 Qxf4 21.Bxf4 O-O-O 22.Rad1  1/2-1/2

[Event "Alpress Cup"]
[Site "Frydek Mistek CZE"]
[Date "2005.03.24"]
[Round "1"]
[White "Walach,M"]
[Black "Vaclavik,A"]
[Result "1-0"]
[WhiteElo "2377"]
[BlackElo "1941"]

1.e4 c5 2.Nf3 e6 3.d4 cxd4 4.Nxd4 a6 5.Nc3 d6 6.Be2 Nd7 7.Be3 Ngf6 8.f3 b5
9.Qd2 Bb7 10.g4 Nb6 11.a4 Nc4 12.Bxc4 bxc4 13.a5 Qc7 14.Na4 d5 15.g5 Nd7
16.exd5 Bxd5 17.O-O-O Rb8 18.Bf4 e5 19.Nb6 c3 20.Qd3 Nxb6 21.Bxe5 Qxe5 22.Rhe1 Nc4
23.Rxe5+ Nxe5 24.Qxc3 Be7 25.f4 Ng6 26.Nf5 Bf3 27.Qxf3 O-O 28.h4 Bb4 29.h5  1-0

[Event "Norwegian Open"]
[Site "Oslo NOR"]
[Date "2005.03.24"]
[Round "6"]
[White "Van der Weide,K"]
[Black "Kveinys,A"]
[Result "1/2-1/2"]
[WhiteElo "2490"]
[BlackElo "2518"]

1.e4 c5 2.Nf3 e6 3.d4 cxd4 4.Nxd4 a6 5.Nc3 Qc7 6.Bd3 Nc6 7.Be3 Nf6 8.Qe2 Bd6
9.O-O-O Be5 10.Nb3 Bxc3 11.bxc3 d6 12.g4 b6 13.g5 Nd7 14.f4 Bb7 15.h4 Nc5
16.h5 Na4 17.Bd2 Na5 18.Rh3 b5 19.f5 Nc4 20.g6 hxg6 21.fxg6 fxg6 22.Qg4 O-O-O
23.Bg5 Ne5 24.Qxe6+ Kb8 25.hxg6 Qxc3 26.Rxh8 Qb2+ 27.Kd2 Rxh8 28.Qxd6+ Ka8
29.Rf1 Rh2+ 30.Ke3 Rh3+ 31.Ke2 Rxd3 32.Rf8+ Ka7 33.Qb8+ Kb6 34.Bd8+ Rxd8
35.Qxd8+ Ka7 36.Qb8+ Kb6 37.Qd8+  1/2-1/2

[Event "ch-EU"]
[Site "Cork IRL"]
[Date "2005.03.25"]
[Round "4"]
[White "Pastres,R"]
[Black "D'Costa,L"]
[Result "0-1"]
[WhiteElo "2175"]
[BlackElo "2356"]

1.e4 c5 2.Nf3 e6 3.d4 cxd4 4.Nxd4 a6 5.Nc3 Qc7 6.g3 Nf6 7.Bg2 Bb4 8.Ne2 Be7
9.O-O O-O 10.Nf4 Nc6 11.Nd3 d6 12.f4 b5 13.a3 Re8 14.e5 Nd7 15.f5 Ndxe5 16.Nxe5 dxe5
17.f6 gxf6 18.Ne4 f5 19.Qh5 Bb7 20.Ng5 Bc5+ 21.Kh1 f6 22.Rxf5 fxg5 23.Bxg5 Nd4
24.Rf6 Bxg2+ 25.Kxg2 Nf5 26.Rf1 Bf8 27.g4 Ng7 28.Qh4 Qxc2+ 29.R1f2 Qe4+ 30.R2f3 Rac8
31.Bh6 Qb7 32.Qg5 e4 33.Rf7 exf3+  0-1

[Event "XXXXII Open"]
[Site "La Roda ESP"]
[Date "2005.03.25"]
[Round "5"]
[White "Saldano,H"]
[Black "Granero Roca,A"]
[Result "1-0"]
[WhiteElo "2482"]
[BlackElo "2348"]

1.e4 c5 2.Nf3 e6 3.Nc3 a6 4.d4 cxd4 5.Nxd4 b5 6.Bd3 Qb6 7.Nf3 Qc7 8.O-O Bb7
9.Re1 d6 10.a4 bxa4 11.Rxa4 Nd7 12.Be3 Ngf6 13.Qa1 Qc8 14.Qa2 Ng4 15.Rc4 Qb8
16.Bf4 Be7 17.Qa4 Bc8 18.h3 Ne5 19.Bxe5 dxe5 20.Rxc8+ Qxc8 21.Nxe5 Ra7 22.Nc6 Ra8
23.e5 Nc5 24.Nxe7+ Kxe7 25.Qa3 Qc7 26.Re4 Rac8 27.Rc4 Rhd8 28.Ne4 Rd5 29.b4 Qxe5
30.bxc5 f5 31.c6+ Ke8 32.f4 Qb8 33.Ng5 e5 34.fxe5 Rxe5 35.Nf3 Re7 36.Bxf5 Qb1+
37.Kf2 Qb6+ 38.Qc5 Rxc6 39.Qxb6 Rxb6 40.Rc8+ Kf7 41.Ra8 g6 42.Bd3 Rc7 43.g4 Ke6
44.Ke3 Kd5 45.Kd2 Rf6 46.Ng5 h6 47.Ne4 Rf3 48.Rxa6 Rxh3 49.Rxg6 Rh2+ 50.Ke3 Ke5
51.Nd2 Rh3+ 52.Nf3+ Kd5 53.Kf2 Rf7 54.Bf5 Rxf5 55.gxf5 Ke4 56.Kg2 Rh5 57.f6  1-0

[Event "Spring Open"]
[Site "Belgrade SCG"]
[Date "2005.03.26"]
[Round "2"]
[White "Stankovic,Milo"]
[Black "Jovicic,R"]
[Result "1-0"]
[WhiteElo "2104"]
[BlackElo "2246"]

1.e4 c5 2.Nf3 e6 3.d4 cxd4 4.Nxd4 a6 5.Nc3 Qc7 6.Be2 b5 7.a3 Bb7 8.O-O Nf6
9.Bf3 d6 10.Be3 Nbd7 11.Re1 Be7 12.Qe2 Ne5 13.Bf4 O-O 14.Bxe5 dxe5 15.Nb3 Rac8
16.Rad1 Bxa3 17.Nxb5 axb5 18.bxa3 Qxc2 19.Qxb5 Bc6 20.Qd3 Ba4 21.Qxc2 Rxc2
22.Rd3 g5 23.Bd1 Bxb3 24.Rxb3 Rc1 25.Rbe3 Rb8 26.Kf1 Rbb1 27.Ke2 Rb2+ 28.Kf1 Ra1
29.h3 Raa2 30.Rf3 g4 31.hxg4 Nxg4 32.Rg3 Rxf2+ 33.Kg1 h5 34.Bxg4 hxg4 35.Rxg4+ Kf8
36.Rg3 Rfe2 37.Kf1 Rxe1+ 38.Kxe1 Ke7 39.Kf1 f5 40.Re3 Kf6 41.Kg1 f4 42.Rb3 Ke7
43.Rc3 Re2 44.Rc4 Kd6 45.Kf1 Rd2 46.Rc8 Kd7  1-0

[Event "Spring Open"]
[Site "Belgrade SCG"]
[Date "2005.03.26"]
[Round "2"]
[White "Sarenac,I"]
[Black "Pucarevic,M"]
[Result "0-1"]
[WhiteElo "2064"]
[BlackElo "2289"]

1.e4 c5 2.Nf3 e6 3.d4 cxd4 4.Nxd4 a6 5.Nc3 Qc7 6.Be2 Nf6 7.O-O Be7 8.Be3 O-O
9.f4 d6 10.Qe1 Nbd7 11.Qg3 Kh8 12.Rae1 b5 13.a3 Bb7 14.Bd3 Nc5 15.Bf2 Nxd3
16.cxd3 Rac8 17.f5 e5 18.Nf3 Qa5 19.Nd2 Rfe8 20.Qh3 Kg8 21.g4 h6 22.Qg3 d5
23.h4 h5 24.Nb3 Qd8 25.g5 Ng4 26.Rc1 b4 27.axb4 Bxb4 28.Na2 Bf8 29.Rxc8 Qxc8
30.Rc1 Qa8 31.exd5 Bxd5 32.Rc3 Rb8 33.Nac1 a5 34.d4 Bd6 35.Nc5 Rxb2 36.N5d3 Rb1
37.dxe5 Bf8 38.Bd4 a4 39.Nf4 Be4 40.Nxh5 Bxf5 41.Qf4 Be6 42.Rg3 Qc8 43.Rc3 Qb7
44.Ng3 a3 45.Nf1 Qa6 46.Rc2 a2 47.Nxa2 Bxa2 48.Rxa2 Rxf1+ 49.Qxf1 Qxa2 50.Qg2 Qb1+
51.Qf1 Qc2 52.Bf2 Bc5  0-1

[Event "7th Foxwoods Open"]
[Site "Connecticut USA"]
[Date "2005.03.26"]
[Round "6"]
[White "Friedel,J"]
[Black "Goletiani,R"]
[Result "1-0"]
[WhiteElo "2423"]
[BlackElo "2319"]

1.e4 c5 2.Nf3 e6 3.d4 cxd4 4.Nxd4 a6 5.Nc3 Qc7 6.Bd3 Bc5 7.Nb3 Ba7 8.Qg4 g6
9.Bf4 Qd8 10.e5 f5 11.Qg3 Nc6 12.h4 Nge7 13.h5 Rg8 14.hxg6 hxg6 15.Rh7 b5
16.Bg5 Bb8 17.f4 d5 18.Nxb5 axb5 19.Bxb5 Bd7 20.Bxc6 Bxc6 21.Rxe7+ Qxe7 22.Bxe7 Kxe7
23.Qh4+  1-0

[Event "7th Foxwoods Open"]
[Site "Connecticut USA"]
[Date "2005.03.26"]
[Round "6"]
[White "Davis,L"]
[Black "Bonin,J"]
[Result "0-1"]
[WhiteElo "2141"]
[BlackElo "2343"]

1.e4 c5 2.Nf3 a6 3.Nc3 e6 4.d4 cxd4 5.Nxd4 Qc7 6.g3 Bb4 7.Ne2 Nc6 8.Bg2 Nf6
9.O-O h6 10.b3 Ne5 11.Bb2 h5 12.Qd4 Nc6 13.Qd2 h4 14.Qg5 hxg3 15.Qxg7 gxf2+
16.Kxf2 Qb6+ 17.Ke1 Rg8 18.Qxf6 Rxg2 19.Qh8+ Bf8 20.Qf6 Rg7 21.Rd1 Rh7 22.Rd3 Be7
23.Qf4 d6 24.Rg1 Ne5 25.Rg8+ Bf8 26.Rdg3 Bd7 27.Qf6 Qd8 28.Qf2 Qh4 29.Qb6 Bc6
30.Nd5 Nf3+ 31.Kd1 exd5 32.exd5 Bxd5 33.Qxd6 Qe7 34.Qxe7+ Kxe7 35.Ba3+ Kd7
36.Bxf8 Rxh2 37.Bc5 Rxg8 38.Rxg8 Be4 39.Rg3 f5 40.a4 f4 41.Rg4 Kc6 42.Ba7 b6
43.Nxf4 Nd4 44.Rg3 Bxc2+ 45.Ke1 Nxb3 46.Ne6 Rh7 47.Rc3+ Kb7 48.Rxc2 Re7 49.Re2 Kxa7
50.Nd4 Rxe2+ 51.Nxe2 Kb7 52.Kd1 Kc6 53.Kc2 Nc5 54.Nc3 Kd6 55.Kb2 Ke5 56.Ka3 Kd4
57.Ne2+ Kc4 58.Nf4 Nd3 59.Ne6 Kc3 60.Nc7 Nb4 61.Ne6 Nc2+ 62.Ka2 Kb4 63.Nc7 Kxa4
64.Kb2 Nb4 65.Ne6 Kb5 66.Kb3 a5 67.Nd4+ Kc5 68.Ne6+ Kd5 69.Nc7+ Kc6 70.Ne6 b5
71.Nd4+ Kb6 72.Ne6 Nc6 73.Ka3 a4 74.Nf4 Ka5 75.Nd5 b4+ 76.Kb2 Nd4 77.Nf4 a3+
78.Ka2 Ka4 79.Nd3 b3+ 80.Kb1 Kb5  0-1

[Event "Alpress Cup"]
[Site "Frydek Mistek CZE"]
[Date "2005.03.26"]
[Round "6"]
[White "Hradecky,I"]
[Black "Dudys,J"]
[Result "1/2-1/2"]
[WhiteElo "2096"]
[BlackElo "1994"]

1.e4 c5 2.Nf3 e6 3.d4 cxd4 4.Nxd4 a6 5.Nc3 b5 6.Bd3 d6 7.O-O Nf6 8.Kh1 Bb7
9.Qe1 Nbd7 10.f4 Qc7 11.a3 Rc8 12.Qg3 Qb8 13.Bd2 Qa7 14.Nf3 Be7 15.e5 Nh5
16.Qh3 g6 17.Rae1 Bxf3 18.Rxf3 dxe5 19.f5 exf5 20.Bxf5 Rc4 21.Bxd7+ Qxd7
22.Qxd7+ Kxd7 23.Rxe5 Bf6 24.Rd3+ Kc6 25.Red5 Be7 26.g3  1/2-1/2

[Event "XXXXII Open"]
[Site "La Roda ESP"]
[Date "2005.03.26"]
[Round "6"]
[White "Uribe Arteaga,D"]
[Black "Spassov,L"]
[Result "0-1"]
[WhiteElo "1934"]
[BlackElo "2382"]

1.e4 c5 2.Nf3 e6 3.d4 cxd4 4.Nxd4 a6 5.Nc3 b5 6.Bd3 Bb7 7.O-O Nc6 8.Nxc6 Bxc6
9.Be3 Qc7 10.a4 b4 11.Ne2 Nf6 12.f3 d5 13.exd5 Nxd5 14.Bf2 Bd6 15.Bg3 Ne3
16.Bxd6 Qxd6 17.Qd2 Nxf1 18.Rxf1 Qc5+ 19.Kh1 O-O 20.b3 Rfd8 21.Qf4 Qe7 22.Nd4 Bb7
23.Re1 Rac8 24.Nf5 Qf8 25.Ng3 Qc5 26.Qh4 h6 27.Qg4 Qd4  0-1

[Event "43rd Doeberl Cup"]
[Site "Canberra AUS"]
[Date "2005.03.27"]
[Round "5"]
[White "Curtis,J AUS"]
[Black "Humphrey,J"]
[Result "1/2-1/2"]
[WhiteElo "2305"]
[BlackElo "2150"]

1.e4 c5 2.Nf3 e6 3.d4 cxd4 4.Nxd4 a6 5.Nc3 b5 6.a3 Qc7 7.Bd3 Bb7 8.O-O Nf6
9.Qe2 d6 10.f4 Nbd7 11.Bd2 h5 12.Nf3 Be7 13.b4 Ng4 14.h3 Bf6 15.e5 Qb6+ 16.Kh1 dxe5
17.Ne4 exf4 18.Nxf6+ Ndxf6 19.Bxf4 Nd5 20.Bd2 Qc7 21.Kg1  1/2-1/2

[Event "XXXXII Open"]
[Site "La Roda ESP"]
[Date "2005.03.27"]
[Round "8"]
[White "Kolev,At"]
[Black "Barria,D"]
[Result "1/2-1/2"]
[WhiteElo "2524"]
[BlackElo "2349"]

1.e4 c5 2.Nf3 e6 3.d4 cxd4 4.Nxd4 a6 5.Nc3 Qc7 6.Bd3 Ne7 7.O-O Nec6 8.Nb3 d6
9.f4 Be7 10.Be3 O-O 11.Qf3 Nd7 12.Rae1 b5 13.a3 b4 14.Ne2 a5 15.Nbd4 Nxd4
16.Bxd4 Ba6 17.axb4 axb4 18.Ng3 Bxd3 19.cxd3 Bf6 20.Bxf6 Nxf6 21.e5 dxe5
22.fxe5 Nd5 23.Qg4 Kh8 24.Nh5 Rg8 25.d4 Rac8 26.Qe4 Qe7 27.h4  1/2-1/2